00447nam a2200157 a 45000010005000000030009000050080041000140400028000550820015000831000025000982450076001232600035001993000009002344900021002436500025002642948CO-ViMGA141112s2004 ck r 000 u spa d aCO-ViMGAbspacCO-ViMGA04a370.1 M6721 aMorduchowicz, Roxana10aDe la actualidad a la escuela : bla formación social y democrática aBuenos Aires : bAique, c1995 a84 p aTransformación14aeducación - TEORIA